| 000 | 00365nam a2200133 4500 | ||
|---|---|---|---|
| 005 | 20260210104019.0 | ||
| 008 | 260210b |||||||| |||| 00| 0 eng d | ||
| 020 | _a9789352691654 | ||
| 100 | _aSingh Raj | ||
| 245 |
_aFoundations of Microbiology _c/Raj Singh |
||
| 260 |
_aNew Delhi; _bRandom Publications; _c2019 |
||
| 300 |
_aviii; 300p,ill; _c24cm |
||
| 942 |
_2lcc _n0 _cBK |
||
| 999 |
_c147 _d147 |
||